[Event "20th Voronezh Master Open"]
[Site "Voronezh RUS"]
[Date "2016.06.18"]
[Round "7.4"]
[White "Fedorov, Alexei"]
[Black "Gavrilov, Alexei1"]
[Result "1-0"]
[WhiteTitle "GM"]
[BlackTitle "GM"]
[WhiteElo "2565"]
[BlackElo "2466"]
[WhiteFideId "13500465"]
[BlackFideId "4104358"]
[EventDate "2016.06.12"]

1. e4 e5 2. Nf3 Nc6 3. Bb5 a6 4. Ba4 Nf6 5. O-O Be7 6. Re1 b5 7. Bb3 d6 8. c3
O-O 9. d4 Bg4 10. d5 Na5 11. Bc2 c6 12. h3 Bc8 13. dxc6 Qc7 14. Nbd2 Qxc6 15.
Nf1 Re8 16. a4 Be6 17. Ng5 Bd7 18. Ng3 h6 19. Nf3 Nc4 20. b3 Nb6 21. a5 Nc8 22.
Bd2 Bf8 23. Rc1 Be6 24. c4 bxc4 25. bxc4 Nd7 26. Ba4 Qc7 27. Nf5 Bxf5 28. exf5
Rd8 29. Nh2 Ne7 30. Bc2 Rac8 31. Ng4 f6 32. Re3 Kh8 33. Rg3 Qxc4 34. Nxh6 gxh6
35. Qh5 Kh7 36. Bb3 Qxc1+ 37. Bxc1 Rxc1+ 38. Kh2 d5 39. Qf7+ Kh8 40. Bxd5 1-0

[Event "20th Voronezh Master Open"]
[Site "Voronezh RUS"]
[Date "2016.06.18"]
[Round "7.5"]
[White "Rozum, Ivan"]
[Black "Ulko, Jaroslav"]
[Result "1-0"]
[WhiteTitle "GM"]
[BlackTitle "IM"]
[WhiteElo "2560"]
[BlackElo "2446"]
[WhiteFideId "24104272"]
[BlackFideId "4116658"]
[EventDate "2016.06.12"]

1. Nf3 c5 2. c4 Nc6 3. Nc3 e6 4. g3 b6 5. Bg2 Bb7 6. O-O Nf6 7. e3 d5 8. cxd5
Nxd5 9. Nxd5 Qxd5 10. d4 Qd7 11. dxc5 Bxc5 12. Qxd7+ Kxd7 13. a3 Bd6 14. b4 Ne5
15. Ng5 Bxg2 16. Kxg2 f6 17. Ne4 Ke7 18. Nxd6 Kxd6 19. Bb2 Nc4 20. Bc3 Rac8 21.
Rfc1 e5 22. Kf3 Ke6 23. Ke2 Rc7 24. e4 Nd6 25. f3 Rhc8 26. Bd2 Nb5 27. Rxc7 Rxc7
28. Ke3 Rc2 29. Kd3 Rc7 30. Ke3 Nd4 31. Rc1 Rc2 32. f4 Ra2 33. Rc7 Rxa3+ 34. Kf2
exf4 35. gxf4 f5 36. e5 Rf3+ 37. Kg2 Rd3 38. Be1 Nb5 39. Rxg7 Rd7 40. Rg8 Rd4
41. Kf3 Re4 42. Bf2 Nc7 43. Rd8 Nb5 44. Rf8 Rxb4 45. Rf6+ Ke7 46. Rxf5 Nd4+ 47.
Bxd4 Rxd4 48. Rh5 a5 49. Rxh7+ Kf8 50. f5 a4 51. f6 Rd1 52. Ra7 b5 53. Ke4 Rf1
54. Kd5 Rf3 55. Ra8+ Kf7 56. e6+ 1-0

[Event "20th Voronezh Master Open"]
[Site "Voronezh RUS"]
[Date "2016.06.18"]
[Round "7.6"]
[White "Burmakin, Vladimir"]
[Black "Nozdrachev, Leonid"]
[Result "1-0"]
[WhiteTitle "GM"]
[BlackTitle "FM"]
[WhiteElo "2543"]
[BlackElo "2402"]
[WhiteFideId "4105109"]
[BlackFideId "24113433"]
[EventDate "2016.06.12"]

1. d4 Nf6 2. Nf3 e6 3. g3 c5 4. Bg2 d5 5. O-O cxd4 6. Nxd4 e5 7. Nb3 Nc6 8. Bg5
Be6 9. Nc3 d4 10. Ne4 Be7 11. Bxf6 Bxf6 12. Nbc5 Bc8 13. Nxf6+ Qxf6 14. c3 O-O
15. cxd4 exd4 16. Rc1 Rb8 17. Qa4 Bg4 18. Rfe1 Qh6 19. Nb3 Rfd8 20. Bxc6 bxc6
21. Nxd4 c5 22. Nc6 Bd7 23. Rxc5 Qd2 24. Rec1 Qxe2 25. Qc2 Qxc2 26. R1xc2 Bxc6
27. Rxc6 g6 28. b3 h5 29. Rc7 a5 30. Ra7 Rb5 31. h3 Rd4 32. Kg2 Rf5 33. Re2 Kg7
34. Rc7 Kf6 35. Rc3 a4 36. Rc6+ Kg7 37. Rc4 Rfd5 38. Rxa4 Rxa4 39. bxa4 Rd4 40.
a5 Ra4 41. Re5 Ra3 42. g4 f6 43. Rb5 Kh6 44. gxh5 g5 45. h4 g4 46. Rf5 Kg7 47.
Kh2 Rh3+ 48. Kg1 Ra3 49. Kg2 Kh6 50. Kf1 Rxa2 51. Ke1 Kg7 52. Kd1 Kf7 53. Kc1
Re2 54. Kb1 Re4 55. Rb5 Kg7 56. Rf5 Kf7 57. h6 Kg6 58. h7 Re8 59. Rf4 f5 60. Kc2
Rh8 61. a6 Rxh7 62. Ra4 Ra7 63. Kd3 f4 64. Ke4 Kh5 65. Kxf4 Kxh4 66. Ra3 Rf7+
67. Ke4 Rxf2 68. a7 Re2+ 69. Kd3 Re8 70. a8=Q Rxa8 71. Rxa8 Kh3 72. Ke2 Kg2 73.
Rg8 g3 74. Rg7 1-0

[Event "20th Voronezh Master Open"]
[Site "Voronezh RUS"]
[Date "2016.06.18"]
[Round "7.7"]
[White "Bajarani, Ulvi"]
[Black "Chigaev, Maksim"]
[Result "1/2-1/2"]
[WhiteTitle "GM"]
[BlackTitle "IM"]
[WhiteElo "2514"]
[BlackElo "2542"]
[WhiteFideId "13403028"]
[BlackFideId "4108116"]
[EventDate "2016.06.12"]

1. c4 Nf6 2. Nc3 e5 3. g3 g6 4. Bg2 Bg7 5. d3 O-O 6. e4 d6 7. Nge2 Nc6 8. O-O
Nd4 9. h3 c5 10. f4 exf4 11. gxf4 Nd7 12. Nxd4 cxd4 13. Ne2 a5 14. b3 Nb8 15.
Bb2 Nc6 16. Qd2 Rb8 17. Rae1 Bd7 18. Ba3 Bc8 19. Kh2 Re8 20. Ng3 Qc7 21. Kh1 Bd7
22. Qf2 b5 23. cxb5 Nb4 24. Rc1 Qd8 25. Bxb4 axb4 26. Ne2 Qb6 27. f5 Kh8 28. Nf4
Qxb5 29. f6 Bh6 30. Rc4 Qe5 31. Nd5 Rec8 32. Qxd4 Qg3 33. Rf3 Qe1+ 34. Qg1 Qxg1+
35. Kxg1 Rxc4 36. bxc4 b3 37. axb3 Rxb3 38. Rf1 Bg5 39. Ra1 h5 40. d4 Rb2 41.
Bf1 1/2-1/2

[Event "20th Voronezh Master Open"]
[Site "Voronezh RUS"]
[Date "2016.06.18"]
[Round "7.8"]
[White "Zakhartsov, Viacheslav V."]
[Black "Matinian, Nikita"]
[Result "1/2-1/2"]
[WhiteTitle "GM"]
[BlackTitle "IM"]
[WhiteElo "2531"]
[BlackElo "2465"]
[WhiteFideId "4115333"]
[BlackFideId "24129100"]
[EventDate "2016.06.12"]

1. Nf3 Nf6 2. c4 g6 3. Nc3 d5 4. cxd5 Nxd5 5. Qb3 Nb6 6. d4 Bg7 7. e4 O-O 8. Be3
Bg4 9. Rd1 Nc6 10. d5 Ne5 11. Be2 Nxf3+ 12. gxf3 Bh3 13. Rg1 Qc8 14. a4 c6 15.
a5 Nd7 16. Rc1 Nf6 17. a6 bxa6 18. e5 Nd7 19. f4 Nb6 20. Bf3 cxd5 21. Nxd5 Qe6
22. Rc6 Qd7 23. Bxb6 Rab8 24. Rc7 Rxb6 25. Qc2 Qb5 26. Nxb6 axb6 27. Be2 Qa5+
28. Qd2 Qa1+ 29. Rc1 Qa4 30. Rg3 Bf5 31. Rc4 Qa1+ 32. Rc1 Qa4 33. Ra3 Qe4 34. f3
Qb7 35. Bxa6 Qb8 36. Bd3 Be6 37. Be4 b5 38. Qe3 Bh6 39. Kf2 b4 40. Ra8 Qxa8 41.
Bxa8 Rxa8 42. Qd4 b3 43. Rc6 Kf8 44. Qb4 Re8 45. Rxe6 fxe6 46. Ke3 Kf7 47. h4
Rc8 48. Qxb3 Rc1 49. h5 Re1+ 50. Kf2 Rh1 51. hxg6+ hxg6 52. Qb4 Rh4 53. Kg3 g5
54. Qb8 Rxf4 55. b4 Bg7 56. b5 Rf5 57. Kg2 Bxe5 58. Qc8 Bd6 59. b6 Rb5 60. b7 1/2-1/2

[Event "20th Voronezh Master Open"]
[Site "Voronezh RUS"]
[Date "2016.06.18"]
[Round "7.9"]
[White "Kokarev, Dmitry"]
[Black "Chekhov, Sergei"]
[Result "1-0"]
[WhiteTitle "GM"]
[BlackTitle "IM"]
[WhiteElo "2624"]
[BlackElo "2458"]
[WhiteFideId "4132181"]
[BlackFideId "4195639"]
[EventDate "2016.06.12"]

1. e4 e6 2. d4 d5 3. Nc3 Bb4 4. e5 c5 5. a3 Bxc3+ 6. bxc3 Ne7 7. Qg4 O-O 8. Bd3
f5 9. exf6 Rxf6 10. Bg5 Rf7 11. Qh5 g6 12. Qd1 Nbc6 13. Nf3 Qf8 14. O-O c4 15.
Be2 h6 16. Bc1 Bd7 17. h3 Qg7 18. a4 Rd8 19. Re1 g5 20. Nh2 Ng6 21. Bh5 e5 22.
dxe5 Re7 23. Ba3 Rxe5 24. Rxe5 Ngxe5 25. Qxd5+ Kh8 26. Bd6 Be8 27. Bxe8 Rxe8 28.
Bxe5 Nxe5 29. Re1 Re7 30. g3 Qf6 31. Re3 Kg7 32. Qd4 h5 33. Kg2 Kg6 34. Nf3 Nxf3
35. Qxf6+ Kxf6 36. Kxf3 a5 37. Re4 Rxe4 38. Kxe4 Ke6 39. Kd4 Kf5 40. Kd5 h4 41.
Kd4 Ke6 42. gxh4 gxh4 43. Kxc4 Ke5 44. Kd3 Kf4 45. Ke2 Ke4 46. f3+ Kf4 47. Kf2 1-0

[Event "20th Voronezh Master Open"]
[Site "Voronezh RUS"]
[Date "2016.06.18"]
[Round "7.10"]
[White "Maletin, Pavel"]
[Black "Pavlov, Sergey2"]
[Result "1-0"]
[WhiteTitle "GM"]
[BlackTitle "IM"]
[WhiteElo "2579"]
[BlackElo "2456"]
[WhiteFideId "4146786"]
[BlackFideId "14114330"]
[EventDate "2016.06.12"]

1. c4 e6 2. Nf3 d5 3. d4 Nf6 4. g3 Bb4+ 5. Bd2 Be7 6. Bg2 O-O 7. O-O c6 8. Bf4
dxc4 9. Ne5 Nd5 10. Nxc4 Nxf4 11. gxf4 Nd7 12. e3 Nb6 13. Nbd2 Nd5 14. Ne4 a5
15. Kh1 f6 16. Rc1 b6 17. Rg1 Bb7 18. Qh5 c5 19. dxc5 Bxc5 20. Bf3 Qe7 21. Rg3
f5 22. Nxc5 Nf6 23. Qg5 Bxf3+ 24. Rxf3 Qxc5 25. Rg1 Ra7 26. Ne5 Ne4 27. Qg2 Rd8
28. h4 Rd2 29. h5 Qc2 30. Rf1 Rd1 31. Qg1 Rxf1 32. Qxf1 Ra8 33. h6 Rd8 34. Qg2
g5 35. Kh2 Rd2 36. Kh3 Qd1 37. Kh2 Qc2 38. Kh3 Qd1 39. Kh2 Kf8 40. fxg5 Qc2 41.
Rf4 Ke7 42. g6 1-0

[Event "20th Voronezh Master Open"]
[Site "Voronezh RUS"]
[Date "2016.06.18"]
[Round "7.11"]
[White "Khusenkhojaev, Muhammad"]
[Black "Shomoev, Anton"]
[Result "1-0"]
[WhiteTitle "IM"]
[BlackTitle "GM"]
[WhiteElo "2419"]
[BlackElo "2553"]
[WhiteFideId "14700247"]
[BlackFideId "4135148"]
[EventDate "2016.06.12"]

1. Nf3 g6 2. d4 Bg7 3. g3 c5 4. c3 Nf6 5. Bg2 Na6 6. O-O O-O 7. dxc5 Nxc5 8. Be3
d6 9. h3 Qc7 10. Na3 a6 11. Rc1 b6 12. b4 Nce4 13. c4 Bb7 14. Qb3 Rfc8 15. Rfd1
Rab8 16. Nd4 h6 17. Kh2 Qd7 18. f3 Ng5 19. h4 Ngh7 20. Bh3 e6 21. b5 Qe7 22.
bxa6 Bxa6 23. Ndb5 Ne8 24. Nc2 Nhf6 25. Nb4 Bb7 26. Na7 Nd7 27. Nxc8 Rxc8 28.
Nd3 Ra8 29. Rd2 Bc6 30. Nf2 Ra6 31. Qb1 Nc5 32. Nd3 Bb7 33. Nxc5 bxc5 34. Qb5
Ra3 35. Bxc5 dxc5 36. Rd7 Qf6 37. Rxb7 Nd6 38. Qxc5 Rxa2 39. Qxd6 Qxf3 40. Bg2
Qxe2 41. Qc6 g5 42. Rg1 gxh4 43. Qe8+ Kh7 44. Qxf7 hxg3+ 45. Kh3 1-0

[Event "20th Voronezh Master Open"]
[Site "Voronezh RUS"]
[Date "2016.06.18"]
[Round "7.12"]
[White "Hayrapetyan, Hovik"]
[Black "Yudin, Sergei"]
[Result "1-0"]
[WhiteTitle "GM"]
[BlackTitle "GM"]
[WhiteElo "2477"]
[BlackElo "2530"]
[WhiteFideId "13302639"]
[BlackFideId "4159659"]
[EventDate "2016.06.12"]

1. Nf3 e6 2. c4 d5 3. d4 c6 4. e3 Bd6 5. Bd3 f5 6. O-O Nf6 7. b3 Qe7 8. Ne5 O-O
9. f4 Ne4 10. Nd2 b6 11. Bb2 Bb7 12. Nxe4 dxe4 13. Be2 c5 14. Qc2 Nc6 15. Rad1
Rad8 16. Nxc6 Bxc6 17. d5 Bb7 18. dxe6 Qxe6 19. Qc3 Rd7 20. Rd2 Rfd8 21. Rfd1
Bf8 22. Rxd7 Rxd7 23. Rxd7 Qxd7 24. h3 Bc8 25. Qe5 Qd6 26. Kf2 Bd7 27. g4 Qg6
28. Kg3 Be6 29. Bc3 h6 30. h4 Qf7 31. h5 Be7 32. gxf5 Bxf5 33. Bg4 Bxg4 34. Kxg4
Bf6 35. Qb8+ Kh7 36. Bxf6 Qe6+ 37. Kg3 Qxf6 38. Qe5 Qc6 39. Qe7 a5 40. a4 Kh8
41. Qd8+ Kh7 42. f5 Qb7 43. Qd6 Kh8 44. Kg4 Qc8 45. Qe7 Qg8 46. Kf4 Qb8+ 47.
Kxe4 Qh2 48. Qe8+ Kh7 49. Kd5 1-0

[Event "20th Voronezh Master Open"]
[Site "Voronezh RUS"]
[Date "2016.06.18"]
[Round "7.13"]
[White "Tukhaev, Adam"]
[Black "Domogaev, Sergey"]
[Result "1-0"]
[WhiteTitle "GM"]
[BlackTitle "GM"]
[WhiteElo "2518"]
[BlackElo "2419"]
[WhiteFideId "14109476"]
[BlackFideId "24103608"]
[EventDate "2016.06.12"]

1. e4 e5 2. Nf3 Nf6 3. Nxe5 d6 4. Nf3 Nxe4 5. Nc3 Nxc3 6. dxc3 Be7 7. Be3 Nd7 8.
Qd2 O-O 9. O-O-O Ne5 10. h4 Nxf3 11. gxf3 Bf5 12. Bd3 Bxd3 13. Qxd3 Bf6 14. Rdg1
Kh8 15. Qb5 c6 16. Qxb7 Qa5 17. a3 Rab8 18. Qxa7 Qb5 19. Bd4 Be5 20. b3 c5 21.
Bxe5 dxe5 22. Qe7 Qa5 23. Kb2 Rbe8 24. Qg5 Rg8 25. Rg4 f6 26. Qe3 Ra8 27. a4
Rad8 28. Rhg1 Qc7 29. h5 h6 30. Rg6 Kh7 31. Qe4 Kh8 32. Qc4 Qe7 33. a5 Qb7 34.
f4 e4 35. Qxc5 Rc8 36. Qd4 Qe7 37. a6 Rcd8 38. Qb4 Qe6 39. a7 Qd7 40. Ra1 Ra8
41. Qxe4 Rxa7 42. Qd4 Raa8 1-0

[Event "20th Voronezh Master Open"]
[Site "Voronezh RUS"]
[Date "2016.06.18"]
[Round "7.14"]
[White "Levin, Evgeny A."]
[Black "Sergienko, Sergey"]
[Result "1/2-1/2"]
[WhiteTitle "GM"]
[BlackTitle "IM"]
[WhiteElo "2493"]
[BlackElo "2335"]
[WhiteFideId "4182596"]
[BlackFideId "4115791"]
[EventDate "2016.06.12"]

1. d4 Nf6 2. c4 e6 3. Nf3 Nc6 4. Nc3 Bb4 5. Qc2 d6 6. a3 Bxc3+ 7. Qxc3 Qe7 8. b4
e5 9. dxe5 Nxe5 10. Nxe5 dxe5 11. Bb2 Nd7 12. e3 O-O 13. Be2 Re8 14. O-O b6 15.
Bf3 Rb8 16. Rad1 Bb7 17. Bxb7 Rxb7 18. f4 f6 19. Qb3 c6 20. f5 Qf7 21. Qc2 Nb8
22. Rd6 Rd7 23. Rxd7 Qxd7 24. Rd1 Qc8 25. Rd6 Rd8 26. Qd3 Rxd6 27. Qxd6 Kf7 28.
Bc3 Qxf5 29. Qxb8 Qb1+ 30. Kf2 Qc2+ 31. Kf3 Qxc3 32. Qxa7+ Kg6 33. Qxb6 Qxc4 34.
h3 h5 35. Kg3 h4+ 36. Kh2 Qc1 37. a4 Qe1 38. a5 Qg3+ 39. Kh1 Qe1+ 40. Kh2 Qg3+ 1/2-1/2

[Event "20th Voronezh Master Open"]
[Site "Voronezh RUS"]
[Date "2016.06.19"]
[Round "8.1"]
[White "Vavulin, Maksim"]
[Black "Gordievsky, Dmitry"]
[Result "0-1"]
[WhiteTitle "IM"]
[BlackTitle "IM"]
[WhiteElo "2507"]
[BlackElo "2523"]
[WhiteFideId "4169530"]
[BlackFideId "24112798"]
[EventDate "2016.06.12"]

1. e4 c5 2. Nf3 e6 3. d4 cxd4 4. Nxd4 a6 5. Bd3 Nf6 6. O-O Qc7 7. Qe2 d6 8. c4
g6 9. Nc3 Bg7 10. Nf3 O-O 11. Bf4 Nh5 12. Bd2 b6 13. Rac1 Bb7 14. Rfd1 Nd7 15.
Bb1 Rfe8 16. Be3 Rac8 17. Qd2 Bf8 18. b3 Qb8 19. h3 Ba8 20. Bh6 Be7 21. Qe2 Ne5
22. Nd2 d5 23. exd5 Ba3 24. Rc2 f5 25. dxe6 Rxe6 26. Nd5 Rce8 27. Nf1 Nf7 28.
Qd2 Re2 29. Qxe2 Rxe2 30. Rxe2 Bxd5 31. Rxd5 Nxh6 32. Red2 Nf7 33. Nh2 Nf6 34.
R5d3 Ne4 35. Re2 Bc5 36. Nf3 Qf4 37. Rd1 Nfd6 38. Bxe4 Nxe4 39. Kf1 Kg7 40. Rd7+
Kh6 41. Rd3 Qc1+ 42. Ne1 Bb4 43. Rde3 Bd2 44. Rxe4 fxe4 45. Rxe4 Qb1 46. Re2
Qxa2 47. g3 Qxb3 48. Rxd2 Qxc4+ 49. Kg2 b5 50. Nf3 Qc6 51. g4 b4 52. Rd3 a5 53.
h4 a4 54. Kh3 a3 55. Ne5 Qc3 56. Rxc3 bxc3 57. Nd3 a2 58. Nc5 a1=Q 59. Ne6 g5 0-1

[Event "20th Voronezh Master Open"]
[Site "Voronezh RUS"]
[Date "2016.06.19"]
[Round "8.2"]
[White "Golubov, Saveliy"]
[Black "Fedorov, Alexei"]
[Result "1/2-1/2"]
[WhiteTitle "IM"]
[BlackTitle "GM"]
[WhiteElo "2484"]
[BlackElo "2565"]
[WhiteFideId "24176729"]
[BlackFideId "13500465"]
[EventDate "2016.06.12"]

1. Nf3 c5 2. g3 g6 3. Bg2 Bg7 4. O-O Nc6 5. e4 e5 6. d3 Nge7 7. Be3 d6 8. Qd2
O-O 9. Bh6 f6 10. Bxg7 Kxg7 11. c3 d5 12. exd5 Nxd5 13. Re1 Re8 14. Na3 Nc7 15.
Qe3 b6 16. Nd2 Bb7 17. Ne4 f5 18. Nd2 Qd7 19. Nb3 Rad8 20. Nc4 Qf7 21. Bxc6 Bxc6
22. Nxe5 Qf6 23. d4 cxd4 24. Nxd4 Be4 25. Nef3 h6 26. Qe2 b5 27. a3 a6 28. Nd2
Ba8 29. Qd3 Ne6 30. Rxe6 Rxd4 31. Qxd4 Qxd4 32. Rxg6+ Kxg6 33. cxd4 Rc8 34. b4
Rc3 35. Nf1 Rd3 36. Ne3 Bf3 37. d5 Kf6 38. Kf1 Ke5 39. Ke1 Rb3 40. Ra2 1/2-1/2

[Event "20th Voronezh Master Open"]
[Site "Voronezh RUS"]
[Date "2016.06.19"]
[Round "8.3"]
[White "Rozum, Ivan"]
[Black "Burmakin, Vladimir"]
[Result "1-0"]
[WhiteTitle "GM"]
[BlackTitle "GM"]
[WhiteElo "2560"]
[BlackElo "2543"]
[WhiteFideId "24104272"]
[BlackFideId "4105109"]
[EventDate "2016.06.12"]

1. c4 c6 2. Nf3 d5 3. g3 Nf6 4. Bg2 Bf5 5. O-O e6 6. cxd5 exd5 7. d3 Be7 8. Qb3
Qb6 9. Qc2 O-O 10. Nc3 Nbd7 11. e4 dxe4 12. dxe4 Bg6 13. Nh4 Rfe8 14. Nxg6 hxg6
15. h3 Nf8 16. Be3 Qa5 17. a3 N6d7 18. b4 Qh5 19. Ne2 g5 20. Nd4 Ne5 21. Rad1 g4
22. Qe2 Nfg6 23. Rfe1 a5 24. Rb1 axb4 25. axb4 Ra4 26. Bd2 Ra2 27. Red1 Rd8 28.
hxg4 Nxg4 29. Qc4 Ra3 30. Nf5 Rad3 31. Qc2 N4e5 32. Ne3 Nf3+ 33. Bxf3 Qxf3 34.
Bc3 Qxe4 35. Rxd3 Qxd3 36. Qb2 Qe4 37. Re1 Bf8 38. b5 Qf3 39. bxc6 bxc6 40. Qc2
Re8 41. Qd1 Ne5 42. Bxe5 Qxd1 43. Nxd1 Bb4 44. Re3 f6 45. Bf4 Rd8 46. Nb2 g5 47.
Rd3 Ra8 48. Bd2 Bf8 49. Be3 Kf7 50. Rc3 Ra6 51. Nd3 Be7 52. Kg2 Bf8 53. Nc5 Bxc5
54. Rxc5 Ke6 55. Kf3 Kd6 56. Ke4 Ke6 57. Bd4 1-0

[Event "20th Voronezh Master Open"]
[Site "Voronezh RUS"]
[Date "2016.06.19"]
[Round "8.4"]
[White "Kokarev, Dmitry"]
[Black "Tukhaev, Adam"]
[Result "1/2-1/2"]
[WhiteTitle "GM"]
[BlackTitle "GM"]
[WhiteElo "2624"]
[BlackElo "2518"]
[WhiteFideId "4132181"]
[BlackFideId "14109476"]
[EventDate "2016.06.12"]

1. e4 c5 2. Nf3 e6 3. d4 cxd4 4. Nxd4 Nc6 5. Nc3 d6 6. g4 Bd7 7. Be3 Nge7 8. Nb3
Nc8 9. f4 a6 10. Qf3 b5 11. g5 b4 12. Nd1 a5 13. Bd3 a4 14. Nd2 g6 15. O-O Bg7
16. f5 Ne5 17. Qg2 gxf5 18. exf5 Bc6 19. Qh3 Nxd3 20. cxd3 exf5 21. Qxf5 O-O 22.
Ne4 Bxe4 23. Qxe4 Ne7 24. Rc1 Ra5 25. Rc2 Re5 26. Qb7 Nd5 27. Bc1 Qe7 28. Qxe7
Rxe7 29. Rc4 Re2 30. Rf2 Re1+ 31. Rf1 Re2 32. Rf2 Re1+ 33. Rf1 Rfe8 34. Bd2
Rxf1+ 35. Kxf1 Rb8 36. b3 axb3 37. axb3 Bc3 38. Bf4 Nxf4 39. Rxf4 Be5 40. Rh4
Ra8 41. Rxb4 Bxh2 42. Ne3 Kg7 43. Nf5+ Kg6 44. Nh4+ Kg7 45. Kg2 Ra2+ 46. Kf3 h6
47. gxh6+ Kxh6 48. Nf5+ Kg5 49. Rb5 Kf6 50. d4 Bg1 51. Ke4 Re2+ 52. Kd3 Re1 53.
Nxd6 1/2-1/2

[Event "20th Voronezh Master Open"]
[Site "Voronezh RUS"]
[Date "2016.06.19"]
[Round "8.5"]
[White "Bocharov, Dmitry"]
[Black "Bajarani, Ulvi"]
[Result "1-0"]
[WhiteTitle "GM"]
[BlackTitle "GM"]
[WhiteElo "2602"]
[BlackElo "2514"]
[WhiteFideId "4138716"]
[BlackFideId "13403028"]
[EventDate "2016.06.12"]

1. Nf3 f5 2. d4 Nf6 3. c4 e6 4. g3 d5 5. Bg2 c6 6. O-O Bd6 7. Qc2 O-O 8. Nbd2
Qe7 9. Ne5 Nbd7 10. Ndf3 Ne4 11. Bf4 Ndf6 12. Nd3 Bxf4 13. Nxf4 Nd6 14. b3 Bd7
15. c5 Nf7 16. Nd3 Rfc8 17. b4 a5 18. Rfb1 Be8 19. a4 axb4 20. Rxb4 Ra7 21. Qb2
Rca8 22. e3 Qc7 23. Bf1 Bd7 24. Nd2 Bc8 25. Nb3 Nd7 26. f4 b6 27. cxb6 Nxb6 28.
Ndc5 Nd8 29. a5 Nd7 30. Nxd7 Bxd7 31. a6 Bc8 32. Nc5 Nf7 33. Rb6 Nd6 34. Qb4 Nc4
35. Bxc4 dxc4 36. Kf2 c3 37. Ke2 Qf7 38. Kd3 Qh5 39. Qxc3 Qxh2 40. Qb3 Kf7 41.
Rb8 Qxg3 42. Rxc8 1-0

[Event "20th Voronezh Master Open"]
[Site "Voronezh RUS"]
[Date "2016.06.19"]
[Round "8.6"]
[White "Matinian, Nikita"]
[Black "Maletin, Pavel"]
[Result "1-0"]
[WhiteTitle "IM"]
[BlackTitle "GM"]
[WhiteElo "2465"]
[BlackElo "2579"]
[WhiteFideId "24129100"]
[BlackFideId "4146786"]
[EventDate "2016.06.12"]

1. e4 c5 2. Nf3 d6 3. d4 cxd4 4. Nxd4 Nf6 5. Nc3 a6 6. h3 e6 7. g4 h6 8. Bg2 Be7
9. Be3 Nc6 10. O-O O-O 11. f4 Nd7 12. Nce2 Nxd4 13. Qxd4 b5 14. Rad1 Bb7 15. Ng3
Rc8 16. c3 Re8 17. Qd2 Nc5 18. g5 hxg5 19. fxg5 Nd7 20. Qf2 Rf8 21. Nh5 f5 22.
Qh4 Rf7 23. Ng3 Ne5 24. exf5 Bxg2 25. Kxg2 Rc4 26. Qh5 Qa8+ 27. Kh2 Re4 28. Nxe4
Qxe4 29. g6 Bf6 30. gxf7+ Nxf7 31. Qf3 1-0

[Event "20th Voronezh Master Open"]
[Site "Voronezh RUS"]
[Date "2016.06.19"]
[Round "8.7"]
[White "Chigaev, Maksim"]
[Black "Vignesh, N R"]
[Result "1/2-1/2"]
[WhiteTitle "IM"]
[BlackTitle "IM"]
[WhiteElo "2542"]
[BlackElo "2432"]
[WhiteFideId "4108116"]
[BlackFideId "25012215"]
[EventDate "2016.06.12"]

1. d4 Nf6 2. Bf4 d5 3. e3 c5 4. c3 e6 5. Nd2 Nc6 6. Ngf3 Bd6 7. Bg3 Qe7 8. Ne5
Bxe5 9. dxe5 Nd7 10. Nf3 f6 11. exf6 Nxf6 12. Ne5 Nxe5 13. Bxe5 O-O 14. Bd3 Nd7
15. Bg3 Nf6 16. O-O Bd7 17. c4 Bc6 18. Qc2 Rad8 19. b3 e5 20. cxd5 Bxd5 21. Bc4
e4 22. Rfd1 Bxc4 23. Qxc4+ Kh8 24. Bh4 b6 25. h3 h6 26. a4 Rxd1+ 27. Rxd1 Rd8
28. Rxd8+ Qxd8 29. Bxf6 Qd1+ 30. Kh2 Qd6+ 31. g3 Qxf6 32. Kg1 Qf5 33. g4 Qf3 34.
Qd5 Kh7 35. a5 bxa5 36. Qxc5 Qd1+ 37. Kh2 Qxb3 38. Qxa5 Qf7 39. Kg1 Qf3 40. Qa4
a6 1/2-1/2

[Event "20th Voronezh Master Open"]
[Site "Voronezh RUS"]
[Date "2016.06.19"]
[Round "8.8"]
[White "Khusenkhojaev, Muhammad"]
[Black "Zakhartsov, Viacheslav V."]
[Result "1/2-1/2"]
[WhiteTitle "IM"]
[BlackTitle "GM"]
[WhiteElo "2419"]
[BlackElo "2531"]
[WhiteFideId "14700247"]
[BlackFideId "4115333"]
[EventDate "2016.06.12"]

1. Nf3 Nf6 2. c4 b6 3. g3 c5 4. Bg2 Bb7 5. O-O e6 6. Nc3 Be7 7. d4 cxd4 8. Qxd4
d6 9. Rd1 a6 10. Bg5 Nbd7 11. Qd2 O-O 12. Bf4 Ne8 13. Rac1 Rc8 14. b3 h6 15. Ne1
Bxg2 16. Nxg2 Rc6 17. Ne1 Ndf6 18. Nc2 Qa8 19. Qd3 Rc8 20. Be3 Nd7 21. Nd4 Nef6
22. h3 Rfd8 23. Qb1 Qb7 24. a4 Rc7 25. Bd2 Rdc8 26. a5 Rc5 27. axb6 Rh5 28. h4
Nxb6 29. Nf3 Rhc5 30. Be3 R5c7 31. Bf4 Rd7 32. Be3 Rdc7 33. Bf4 Rd7 34. e4 Rdd8
35. e5 Qxf3 36. exf6 Bxf6 37. Qe4 Qxe4 38. Nxe4 Be7 39. Nxd6 Rc6 40. Nb7 Rxd1+
41. Rxd1 g5 42. hxg5 hxg5 43. Na5 Rc5 44. Be3 Rxa5 45. Bxb6 Ra2 46. Rd7 Bb4 47.
Be3 g4 48. c5 Rc2 49. Rc7 Kg7 50. c6 Bc5 51. Bxc5 Rxc5 52. Rc8 Rc3 53. c7 Kf6
54. Kf1 Ke5 55. Rg8 Rxc7 56. Rxg4 a5 57. Ra4 Rc5 1/2-1/2

[Event "20th Voronezh Master Open"]
[Site "Voronezh RUS"]
[Date "2016.06.19"]
[Round "8.9"]
[White "Stukopin, Andrey"]
[Black "Hayrapetyan, Hovik"]
[Result "1-0"]
[WhiteTitle "GM"]
[BlackTitle "GM"]
[WhiteElo "2595"]
[BlackElo "2477"]
[WhiteFideId "24107131"]
[BlackFideId "13302639"]
[EventDate "2016.06.12"]

1. e4 c5 2. Nf3 e6 3. d4 cxd4 4. Nxd4 a6 5. Bd3 Nf6 6. O-O Qc7 7. Qe2 d6 8. c4
g6 9. Nc3 Bg7 10. Be3 O-O 11. Rac1 b6 12. f3 Bb7 13. Rfd1 Nbd7 14. Qf2 Rac8 15.
Be2 Qb8 16. b4 Ne8 17. Na4 Nc7 18. Nc2 d5 19. exd5 exd5 20. Nxb6 Nxb6 21. Bxb6
dxc4 22. Bxc4 Ne6 23. Bxe6 fxe6 24. Bc5 Rfd8 25. Ne3 Rxd1+ 26. Rxd1 Rd8 27. Qe2
Rxd1+ 28. Qxd1 Bc6 29. Qd3 Bb5 30. Qd2 h5 31. Qc2 Qe8 32. Nc4 Kh7 33. Nd6 Qc6
34. Nxb5 axb5 35. Qd3 Qa6 36. a3 Qc6 37. Kf2 e5 38. Qd6 Qxd6 39. Bxd6 Kg8 40. a4
bxa4 41. b5 e4 42. Ke3 exf3 43. gxf3 Kf7 44. b6 a3 45. Bxa3 Ke6 46. b7 Be5 47.
f4 Bb8 48. Bb2 Kd5 1-0

[Event "20th Voronezh Master Open"]
[Site "Voronezh RUS"]
[Date "2016.06.19"]
[Round "8.10"]
[White "Levin, Evgeny A."]
[Black "Volkov, Sergey"]
[Result "1-0"]
[WhiteTitle "GM"]
[BlackTitle "GM"]
[WhiteElo "2493"]
[BlackElo "2604"]
[WhiteFideId "4182596"]
[BlackFideId "4122763"]
[EventDate "2016.06.12"]

1. d4 d5 2. c4 c6 3. Nf3 Nf6 4. e3 Bf5 5. Nc3 e6 6. Nh4 Be4 7. f3 Bg6 8. Qb3 Qc7
9. Bd2 Be7 10. Nxg6 hxg6 11. O-O-O dxc4 12. Bxc4 a6 13. Kb1 Nbd7 14. Ne4 Rc8 15.
Rc1 b5 16. Be2 Rxh2 17. Ba5 Nxe4 18. fxe4 Qg3 19. Rxh2 Qxh2 20. Bf3 e5 21. Rf1
Nf6 22. Qd1 Qg3 23. Rh1 Qg5 24. Rh8+ Bf8 25. Bb4 c5 26. dxc5 Nd7 27. Bg4 f5 28.
exf5 Qxe3 29. f6 Qe4+ 30. Ka1 Nxf6 31. Qd6 1-0